000
00411nam a22001697a 4500
003
MPLRDC
005
20220104114743.0
008
210129b ||||| |||| 00| 0 eng d
082
_a
487.71 RMRB
100
_a
不详
245
_a
各国新闻出版法选辑. 续编
_c
250
_a
第一刷
260
_a
_b
人民日报出版社
_c
1987
300
_b
平
650
_a
出版业
942
_c
BK
_o
487.71 RMRB
999
_c
9958
_d
9948